[Event "Spice Cup Open"]
[Site "Saint Louis USA"]
[Date "2012.10.16"]
[Round "1"]
[White "Troff, Kayden W"]
[Black "Perelshteyn, Eugene"]
[Result "1/2-1/2"]
[WhiteTitle "FM"]
[BlackTitle "GM"]
[WhiteElo "2312"]
[BlackElo "2528"]
[WhiteFideId "2047896"]
[BlackFideId "2012529"]
[EventDate "2012.10.16"]

1. d4 Nf6 2. c4 e6 3. Nf3 d5 4. g3 Bb4+ 5. Bd2 Be7 6. Bg2 O-O 7. O-O c6 8. Qb3
b6 9. Ne5 Bb7 10. Bf4 Nbd7 11. Nc3 Nxe5 12. Bxe5 Nd7 13. Bf4 c5 14. cxd5 cxd4
15. d6 Bxg2 16. dxe7 Qxe7 17. Kxg2 dxc3 18. Qxc3 Rac8 19. Qf3 e5 20. Bd2 e4 21.
Qf4 Nf6 22. Rac1 Qe6 23. Rxc8 Rxc8 24. Rc1 Rxc1 25. Bxc1 h6 26. Qb8+ Kh7 27.
Qxa7 Qc4 28. Be3 Qxe2 29. Qxf7 Qf3+ 30. Kg1 Qd1+ 31. Kg2 Qf3+ 1/2-1/2

[Event "Spice Cup Open"]
[Site "Saint Louis USA"]
[Date "2012.10.16"]
[Round "1"]
[White "Mogranzini, Roberto"]
[Black "Kavutskiy, Konstantin"]
[Result "1-0"]
[WhiteTitle "IM"]
[BlackTitle "FM"]
[WhiteElo "2492"]
[BlackElo "2287"]
[WhiteFideId "810894"]
[BlackFideId "2026384"]
[EventDate "2012.10.16"]

1. c4 e5 2. g3 Nc6 3. Nc3 Nf6 4. Bg2 Bc5 5. Nf3 d6 6. O-O a6 7. d3 h6 8. e3 O-O
9. b3 Bf5 10. h3 Qd7 11. Kh2 Ba7 12. Bb2 Rfe8 13. e4 Bh7 14. Ng1 Nd4 15. f4 Kh8
16. Nge2 Ng8 17. g4 f6 18. f5 Ne7 19. Qd2 c6 20. Ng3 Rf8 21. h4 Rad8 22. Nh5 Qe8
23. Ne2 b5 24. Neg3 Ng8 25. Rac1 g6 26. fxg6 Qxg6 27. Kh3 Qe8 28. Nf5 Bxf5 29.
exf5 bxc4 30. Rxc4 d5 31. Ra4 Bc5 32. b4 Bd6 33. Rxa6 Ra8 34. Rxa8 Qxa8 35. a3
Qa7 36. Ng3 Nb3 37. Qc2 Qa4 38. Bf3 Nc5 39. Bd1 Qxc2 40. Bxc2 Nd7 41. Ba4 Ne7
42. Rc1 Rc8 43. Nh5 Nb6 44. Bb3 Nd7 45. g5 hxg5 46. hxg5 fxg5 47. f6 Ng6 48.
Bxd5 Nb8 49. b5 c5 50. Kg4 1-0

[Event "Spice Cup Open"]
[Site "Saint Louis USA"]
[Date "2012.10.16"]
[Round "1"]
[White "Agrest, Inna"]
[Black "Yang, Darwin"]
[Result "0-1"]
[WhiteTitle "WIM"]
[BlackTitle "IM"]
[WhiteElo "2204"]
[BlackElo "2485"]
[WhiteFideId "1708830"]
[BlackFideId "2029111"]
[EventDate "2012.10.16"]

1. e4 e6 2. d4 d5 3. Nc3 Bb4 4. Ne2 dxe4 5. a3 Be7 6. Nxe4 Nf6 7. Qd3 Nbd7 8.
Bf4 O-O 9. O-O-O b6 10. Ng5 Bb7 11. h4 c5 12. Nc3 cxd4 13. Qxd4 Nc5 14. Qe3 Qc8
15. Be2 Bc6 16. Rh3 Na4 17. Be5 Nxc3 18. Bxc3 Rd8 19. Rg3 Rxd1+ 20. Bxd1 h6 21.
Nf3 Kf8 22. Qe5 Qb8 23. Qe3 Qb7 24. Be2 Rc8 25. Ne1 Be4 26. Qf4 Bf5 27. Qa4 Qe4
28. Qa6 Rd8 29. Kb1 g6 30. Bd3 Qxh4 31. Bxf5 exf5 32. Nd3 Ne4 33. Rh3 Qg4 34.
Ne5 Qd1+ 35. Ka2 Qd5+ 0-1

[Event "Spice Cup Open"]
[Site "Saint Louis USA"]
[Date "2012.10.16"]
[Round "1"]
[White "Leon Hoyos, Manuel"]
[Black "Kleiman, Jake"]
[Result "1/2-1/2"]
[WhiteTitle "GM"]
[BlackTitle "IM"]
[WhiteElo "2603"]
[BlackElo "2377"]
[WhiteFideId "5105269"]
[BlackFideId "2020041"]
[EventDate "2012.10.16"]

1. c4 Nf6 2. g3 e6 3. Bg2 d5 4. Nf3 dxc4 5. Qa4+ c6 6. Qxc4 b5 7. Qc2 Bb7 8. d4
Nbd7 9. O-O c5 10. Nc3 b4 11. Na4 Be4 12. Qd1 c4 13. Bg5 Rc8 14. Rc1 Qa5 15.
Bxf6 Nxf6 16. Nc5 Bxc5 17. Rxc4 O-O 18. dxc5 Bd5 19. Rd4 Qxc5 20. b3 Ne4 21. Qd3
Nc3 22. Re1 h6 23. e4 Bc6 24. a4 e5 25. Rc4 Qe7 26. Nh4 Bd7 27. Nf5 Bxf5 28.
exf5 Rxc4 29. Qxc4 Qd6 30. Bf1 e4 31. a5 Rd8 32. a6 Qb6 33. Rxe4 Nxe4 34. Qxe4
Rd2 35. Qf3 Qd4 36. Bc4 Rc2 37. h4 h5 38. Kg2 Rd2 39. Kg1 Rc2 40. Kg2 Rb2 41.
Qa8+ Kh7 42. Qf3 Kg8 43. Kg1 Rb1+ 44. Kh2 Rb2 45. Kg2 Rd2 46. Qa8+ Kh7 47. Qf3
Kg8 48. Kg1 Rd1+ 49. Kh2 Rd2 50. Kg2 Rb2 51. Qa8+ Kh7 52. Qf3 Kg8 1/2-1/2

[Event "Spice Cup Open"]
[Site "Saint Louis USA"]
[Date "2012.10.16"]
[Round "1"]
[White "Aripov, Iskandar"]
[Black "Gerzhoy, Leonid"]
[Result "1/2-1/2"]
[BlackTitle "IM"]
[WhiteElo "2155"]
[BlackElo "2469"]
[WhiteFideId "14202395"]
[BlackFideId "2806126"]
[EventDate "2012.10.16"]

1. d4 d5 2. c4 c6 3. Nf3 e6 4. Nc3 dxc4 5. a4 Bb4 6. e3 b5 7. axb5 cxb5 8. Nd2
Qd7 9. Qh5 Bxc3 10. bxc3 Nf6 11. Qc5 Qc6 12. Qg5 O-O 13. Ba3 Re8 14. Be2 Qd5 15.
Qg3 e5 16. dxe5 Qxd2+ 17. Kxd2 Ne4+ 18. Ke1 Nxg3 19. hxg3 Bb7 20. Kf1 Rxe5 21.
Bd6 Re8 22. Rh5 a6 23. Rc5 Nc6 24. Bf3 Rac8 25. Bxc6 1/2-1/2

[Event "Spice Cup Open"]
[Site "Saint Louis USA"]
[Date "2012.10.16"]
[Round "1"]
[White "Finegold, Spencer"]
[Black "Priyadharshan, K."]
[Result "0-1"]
[BlackTitle "IM"]
[WhiteElo "2081"]
[BlackElo "2407"]
[WhiteFideId "2047527"]
[BlackFideId "5018293"]
[EventDate "2012.10.16"]

1. d4 d5 2. c4 dxc4 3. Nf3 Nf6 4. e3 e6 5. Bxc4 a6 6. Bb3 c5 7. O-O Nc6 8. Qe2
cxd4 9. Rd1 Be7 10. exd4 O-O 11. Nc3 Na5 12. Bc2 b5 13. a4 b4 14. Ne4 Bb7 15.
Nc5 Bd5 16. Ne5 Nc6 17. Be3 a5 18. Rac1 Rc8 19. h3 g6 20. Ncd3 b3 21. Bb1 Qb6
22. Nxc6 Rxc6 23. Ne5 Rxc1 24. Rxc1 Qb7 25. f3 Nd7 26. Qb5 Qxb5 27. axb5 Nxe5
28. dxe5 Rb8 29. Bh6 a4 30. Kf2 a3 31. bxa3 Bxa3 32. Rc7 Bb2 33. f4 Bd4+ 34. Kg3
b2 35. Kh2 f6 36. Rg7+ Kh8 37. exf6 Bxf6 38. Rf7 Bd4 39. Rf8+ Rxf8 40. Bxf8 Bc4
41. Bd6 Bxb5 42. Be5+ Bxe5 43. fxe5 g5 44. Kg3 Be8 0-1

[Event "Spice Cup Open"]
[Site "Saint Louis USA"]
[Date "2012.10.16"]
[Round "1"]
[White "Bartholomew, John"]
[Black "Jung, Hans Rudolf"]
[Result "1-0"]
[WhiteTitle "IM"]
[BlackTitle "FM"]
[WhiteElo "2446"]
[BlackElo "2150"]
[WhiteFideId "2019353"]
[BlackFideId "2600609"]
[EventDate "2012.10.16"]

1. Nf3 c5 2. c4 Nc6 3. Nc3 e5 4. g3 d6 5. Bg2 g6 6. O-O Bg7 7. a3 Nge7 8. b4
cxb4 9. axb4 Nxb4 10. Ba3 Nec6 11. Qa4 Na6 12. Nxe5 Bxe5 13. Bxc6+ bxc6 14.
Qxc6+ Bd7 15. Qxa6 O-O 16. Rfd1 Qc8 17. Bxd6 Bxc3 18. dxc3 Qxa6 19. Rxa6 Rfc8
20. Rda1 Rc6 21. e4 Rxa6 22. Rxa6 Bc8 23. Ra5 Bb7 24. f3 a6 25. Kf2 Rc8 26. Bc5
Rd8 27. Ke3 f6 28. Be7 Rc8 29. Bxf6 Rxc4 30. Bd4 Rc8 31. h4 Rc6 32. Rd5 Bc8 33.
h5 Kf7 34. Kf4 Be6 35. hxg6+ hxg6 36. Rd8 Rc8 37. Rxc8 Bxc8 38. c4 a5 39. Ke5
Be6 40. c5 Ke7 41. Bb2 Bd7 42. Ba3 Bc6 43. g4 a4 44. g5 Kd8 45. Kf6 Be8 46. f4
Kd7 47. f5 gxf5 48. exf5 Kc6 49. g6 Kd5 1-0

[Event "Spice Cup Open"]
[Site "Saint Louis USA"]
[Date "2012.10.16"]
[Round "1"]
[White "Amanov, Mesgen"]
[Black "Jayakumar, Adarsh"]
[Result "1-0"]
[WhiteTitle "GM"]
[BlackTitle "FM"]
[WhiteElo "2507"]
[BlackElo "2290"]
[WhiteFideId "14000652"]
[BlackFideId "5026520"]
[EventDate "2012.10.16"]

1. d4 d5 2. c4 e6 3. Nf3 Nf6 4. Nc3 c6 5. Bg5 dxc4 6. e4 b5 7. e5 h6 8. Bh4 g5
9. Nxg5 hxg5 10. Bxg5 Nbd7 11. g3 Bb7 12. Bg2 Qb6 13. exf6 c5 14. d5 O-O-O 15.
O-O b4 16. Rb1 Qa6 17. dxe6 Bxg2 18. e7 Bxf1 19. Kxf1 bxc3 20. bxc3 Re8 21. Qd5
Bxe7 22. fxe7 f6 23. Bf4 Ne5 24. Bxe5 fxe5 25. Qxe5 Rhg8 26. Rb8+ Kd7 27. Qd5+ 1-0

[Event "Spice Cup Open"]
[Site "Saint Louis USA"]
[Date "2012.10.16"]
[Round "1"]
[White "Diamant, Andre"]
[Black "Heredia Serrano, Carla"]
[Result "1-0"]
[WhiteTitle "GM"]
[BlackTitle "WIM"]
[WhiteElo "2471"]
[BlackElo "2188"]
[WhiteFideId "2108356"]
[BlackFideId "3603687"]
[EventDate "2012.10.16"]

1. c4 e5 2. Nc3 Nf6 3. Nf3 Nc6 4. e3 d5 5. cxd5 Nxd5 6. d3 Be7 7. Be2 O-O 8. O-O
Be6 9. a3 f5 10. Qc2 a6 11. Nxd5 Bxd5 12. e4 Be6 13. exf5 Rxf5 14. Be3 Nd4 15.
Bxd4 exd4 16. Nd2 Rc5 17. Qd1 Rb5 18. b3 Bd6 19. Bf3 Qd7 20. Re1 Rf8 21. Re4 Qf7
22. Qe2 Bd5 23. Rxd4 Bxf3 24. Nxf3 Rxb3 25. a4 h6 26. Re4 Qf6 27. d4 Kh8 28. Ne5
Bxe5 29. dxe5 Qb6 30. Rf1 Rb2 31. Qe1 Qe6 32. Qe3 Rb3 33. Qc5 Rf5 34. Qxc7 Rb2
35. Qd8+ Kh7 36. Qd3 Qg6 37. Re3 Rb6 38. e6 Rf8 39. Qd7 Qf6 40. Rf3 Qd8 41. Rxf8
Qxf8 42. e7 1-0

[Event "Spice Cup Open"]
[Site "Saint Louis USA"]
[Date "2012.10.16"]
[Round "1"]
[White "Sarkar, Justin"]
[Black "Cassidy, Brian H"]
[Result "1-0"]
[WhiteTitle "IM"]
[WhiteElo "2408"]
[BlackElo "2098"]
[WhiteFideId "2010011"]
[BlackFideId "2064910"]
[EventDate "2012.10.16"]

1. d4 Nf6 2. c4 e6 3. Nc3 d5 4. cxd5 exd5 5. Bg5 Nbd7 6. e3 c6 7. Bd3 Bd6 8. Qc2
Nf8 9. Nf3 Ne6 10. Bh4 g6 11. O-O O-O 12. Rab1 Ng7 13. b4 a6 14. a4 Nf5 15. Bg5
h6 16. Bxf6 Qxf6 17. b5 axb5 18. axb5 Nh4 19. Nxh4 Qxh4 20. g3 Qf6 21. bxc6 bxc6
22. Rb6 Bc7 23. Nxd5 Qf3 24. Be4 Qxe4 25. Qxe4 cxd5 26. Rxg6+ fxg6 27. Qxd5+ Kg7
28. Qxa8 Bh3 29. Qb7 Rf7 30. Rc1 Bxg3 31. Qxf7+ 1-0

[Event "Spice Cup Open"]
[Site "Saint Louis USA"]
[Date "2012.10.16"]
[Round "1"]
[White "Hambleton, Aman"]
[Black "Ramirez, Alejandro"]
[Result "1-0"]
[WhiteTitle "FM"]
[BlackTitle "GM"]
[WhiteElo "2348"]
[BlackElo "2551"]
[WhiteFideId "2606577"]
[BlackFideId "6500617"]
[EventDate "2012.10.16"]

1. d4 Nf6 2. c4 c5 3. d5 b5 4. cxb5 a6 5. bxa6 g6 6. Nc3 Bxa6 7. e4 Bxf1 8. Kxf1
d6 9. Nf3 Bg7 10. g3 O-O 11. Kg2 Nbd7 12. Re1 Qb6 13. Re2 Ng4 14. Rc2 Rfb8 15.
Ne1 Nge5 16. b3 c4 17. Rb1 cxb3 18. axb3 Qb4 19. f4 Ng4 20. Nd3 Qd4 21. Qe2 Rc8
22. Bd2 f5 23. exf5 gxf5 24. Re1 Kh8 25. h3 Nh6 26. Be3 Qf6 27. Nb5 Rxc2 28.
Qxc2 Qf7 29. Nb4 Nf6 30. Bd4 Rg8 31. Qd3 Nh5 32. Bxg7+ Rxg7 33. Kf2 Nxg3 34. Nc3
Qh5 35. Rg1 Qxh3 36. Ke1 Qh4 37. Qd4 Ng4 38. Kd1 Qh2 39. Kc1 Nf2 40. Re1 Nfe4
41. Nc2 Kg8 42. b4 Rg4 43. Kb2 Rxf4 44. Nxe4 fxe4 45. b5 Nf5 46. Qg1+ Qxg1 47.
Rxg1+ Ng7 48. Nd4 Rf2+ 49. Kc3 1-0

[Event "Spice Cup Open"]
[Site "Saint Louis USA"]
[Date "2012.10.16"]
[Round "1"]
[White "Fierro Baquero, Martha L."]
[Black "Helfst, Matt D"]
[Result "1-0"]
[WhiteTitle "IM"]
[WhiteElo "2387"]
[BlackElo "1965"]
[WhiteFideId "3600270"]
[BlackFideId "2044102"]
[EventDate "2012.10.16"]

1. c4 e6 2. Nf3 Nf6 3. g3 d5 4. b3 c5 5. Bg2 Nc6 6. O-O Be7 7. e3 O-O 8. Bb2 b6
9. Nc3 Bb7 10. cxd5 exd5 11. d4 Ne4 12. Ne2 Bf6 13. Nf4 Re8 14. Rc1 Rc8 15. Bh3
Rc7 16. Re1 Bc8 17. Bxc8 Rxc8 18. Ba1 Ne7 19. Qd3 Qd7 20. Red1 Qf5 21. h3 h5 22.
Kg2 Red8 23. h4 Ng6 24. Nxg6 fxg6 25. Qe2 Qg4 26. Ng1 Qe6 27. Nh3 Qf5 28. Rf1
Nd6 29. Nf4 c4 30. Qc2 Ne4 31. f3 cxb3 32. Qd3 Nd6 33. Qxb3 Nc4 34. e4 Qd7 35.
Nxd5 1-0

[Event "Spice Cup Open"]
[Site "Saint Louis USA"]
[Date "2012.10.16"]
[Round "1"]
[White "Bykhovsky, Anatoly"]
[Black "Banawa, Jouaquin"]
[Result "1-0"]
[WhiteTitle "GM"]
[BlackTitle "FM"]
[WhiteElo "2522"]
[BlackElo "2300"]
[WhiteFideId "2806991"]
[BlackFideId "5201632"]
[EventDate "2012.10.16"]

1. d4 Nf6 2. Nf3 e6 3. Bg5 c5 4. e3 b6 5. c3 Bb7 6. Nbd2 Be7 7. Bd3 Nc6 8. O-O
cxd4 9. exd4 Nd5 10. Ne4 O-O 11. Bd2 f5 12. Ng3 Bd6 13. Re1 Qc7 14. Rc1 Rae8 15.
c4 Nf4 16. Bf1 Qb8 17. a3 Qa8 18. Ne5 Nxe5 19. dxe5 Nxg2 20. exd6 f4 21. Bxg2
fxg3 22. f3 Bxf3 23. Bxf3 Rxf3 24. Re2 Ref8 25. Rg2 gxh2+ 26. Kxh2 Qe4 27. Qe1
Qd4 28. Bc3 Qf4+ 29. Kg1 Rf7 30. Rd1 Qxc4 31. Qe2 Qc5+ 32. Bd4 Qh5 33. Rc1 h6
34. Qe5 Qxe5 35. Bxe5 Re3 36. Bh2 g5 37. Rf2 Rf5 38. Rc7 Rb3 39. Rxf5 exf5 40.
Be5 Re3 41. Bc3 Kf7 42. Rxd7+ Ke8 43. Rxa7 Rd3 44. Re7+ Kd8 45. Be5 f4 46. Rh7
Rd5 47. Bf6+ Kc8 48. Rc7+ Kb8 49. Re7 Kc8 50. Be5 h5 51. Rc7+ Kd8 52. Bf6+ Ke8
53. Re7+ Kf8 54. d7 Rd1+ 55. Kf2 Rd2+ 56. Ke1 Rd6 57. Bxg5 1-0

[Event "Spice Cup Open"]
[Site "Saint Louis USA"]
[Date "2012.10.16"]
[Round "1"]
[White "Mikhalevski, Victor"]
[Black "Schneider, Veronika"]
[Result "1/2-1/2"]
[WhiteTitle "GM"]
[BlackTitle "WGM"]
[WhiteElo "2538"]
[BlackElo "2313"]
[WhiteFideId "2801914"]
[BlackFideId "721530"]
[EventDate "2012.10.16"]

1. c4 Nf6 2. g3 c6 3. Nf3 d5 4. Bg2 dxc4 5. Qc2 Qd5 6. Na3 Be6 7. O-O Na6 8. Ne1
Qc5 9. b3 cxb3 10. Qb2 Qb6 11. axb3 Nc5 12. Rb1 Nxb3 13. Nd3 Nd4 14. Re1 Qxb2
15. Bxb2 Nb3 16. Be5 Nd7 17. Bc3 f6 18. Nc2 Bf7 19. Na1 Nbc5 20. Nxc5 Nxc5 21.
Rxb7 Bd5 22. Rc7 e5 23. e4 Ne6 24. exd5 Nxc7 25. dxc6 Bd6 26. Nb3 O-O 27. Na5
Nb5 28. Ba1 Bc7 29. Nb7 a5 30. f4 a4 31. Bf1 Bb6+ 32. Kg2 Nd4 33. Bxd4 Bxd4 34.
Bc4+ Kh8 35. Nd6 g6 36. Rb1 a3 37. c7 a2 38. Bxa2 Rxa2 39. Rb8 Ra8 40. Rxa8 Rxa8
41. fxe5 fxe5 42. c8=Q+ Rxc8 43. Nxc8 Kg7 44. Nd6 Bc5 45. Ne4 Bd4 46. Kf3 h5 47.
h3 Kf7 48. Nc3 Ke6 49. Ke4 Bf2 50. Kf3 Bd4 51. Ke4 Bf2 52. g4 hxg4 53. hxg4 Be1
54. Kd3 Bg3 55. Kc4 Bf4 56. Ne4 Bh2 57. Kc5 Bg1+ 58. Kc6 Bh2 59. Ng5+ Kf6 60.
Ne4+ Ke6 61. Ng5+ Kf6 62. Nf3 Bf4 63. Kd5 Bxd2 1/2-1/2

[Event "Spice Cup Open"]
[Site "Saint Louis USA"]
[Date "2012.10.16"]
[Round "1"]
[White "Hendrickson, Nolan R"]
[Black "Kiewra, Keaton F"]
[Result "1-0"]
[BlackTitle "IM"]
[WhiteElo "2146"]
[BlackElo "2442"]
[WhiteFideId "2038188"]
[BlackFideId "2019280"]
[EventDate "2012.10.16"]

1. e4 c5 2. Nc3 g6 3. f4 Nc6 4. Nf3 Bg7 5. Bb5 Nd4 6. O-O e6 7. e5 Ne7 8. Nxd4
cxd4 9. Ne4 O-O 10. b3 Qa5 11. a4 Rd8 12. Ba3 Nf5 13. g4 d5 14. Nf6+ Bxf6 15.
exf6 Nd6 16. Qe1 Kh8 17. Qh4 Ne4 18. d3 Nd2 19. Qh6 1-0

[Event "Spice Cup Open"]
[Site "Saint Louis USA"]
[Date "2012.10.16"]
[Round "2"]
[White "Corrales Jimenez, Fidel"]
[Black "Diamant, Andre"]
[Result "1-0"]
[WhiteTitle "GM"]
[BlackTitle "GM"]
[WhiteElo "2605"]
[BlackElo "2471"]
[WhiteFideId "3506690"]
[BlackFideId "2108356"]
[EventDate "2012.10.16"]

1. e4 c6 2. d4 d5 3. Nc3 dxe4 4. Nxe4 Bf5 5. Ng3 Bg6 6. h4 h6 7. Nf3 Nd7 8. h5
Bh7 9. Bd3 Bxd3 10. Qxd3 e6 11. Bf4 Qa5+ 12. Bd2 Bb4 13. c3 Be7 14. c4 Qc7 15.
O-O-O b5 16. Kb1 Ngf6 17. cxb5 cxb5 18. Qxb5 Rb8 19. Qa6 Qd6 20. Qxd6 Bxd6 21.
Rde1 Bxg3 22. fxg3 O-O 23. Ne5 Rb5 24. Nxd7 Nxd7 25. Rc1 Rfb8 26. b3 R8b7 27.
Rc8+ Kh7 28. Bf4 Rd5 29. Ra8 Rxd4 30. Be3 Ra4 31. Rd1 Ra5 32. g4 Nb6 33. Bxb6
axb6 34. Rc8 g6 35. hxg6+ fxg6 36. Rc6 Rg5 37. Rd4 h5 38. Rxe6 hxg4 39. a4 g3
40. Red6 Rf5 41. Rh4+ Kg7 42. Rg4 g5 43. Rxg3 b5 44. a5 b4 45. a6 Rc7 46. Rgd3
Rf1+ 47. Rd1 Rxd1+ 48. Rxd1 Rc6 49. a7 1-0

[Event "Spice Cup Open"]
[Site "Saint Louis USA"]
[Date "2012.10.16"]
[Round "2"]
[White "Robson, Ray"]
[Black "Bartholomew, John"]
[Result "1-0"]
[WhiteTitle "GM"]
[BlackTitle "IM"]
[WhiteElo "2602"]
[BlackElo "2446"]
[WhiteFideId "2023970"]
[BlackFideId "2019353"]
[EventDate "2012.10.16"]

1. e4 c5 2. Nf3 e6 3. d4 cxd4 4. Nxd4 a6 5. Bd3 Bc5 6. Nb3 Be7 7. Be3 Nf6 8. f4
d6 9. N1d2 Nbd7 10. Qe2 Qc7 11. O-O-O b5 12. g4 Nc5 13. Kb1 Bb7 14. Rhf1 O-O-O
15. Bd4 d5 16. Bxc5 Bxc5 17. Nxc5 Qxc5 18. e5 Nd7 19. Nf3 Nb6 20. c3 Kb8 21. f5
exf5 22. Nd4 Rhe8 23. gxf5 b4 24. Nb3 Qe7 25. cxb4 Qxb4 26. Bxa6 Bxa6 27. Qxa6
Rxe5 28. Na5 1-0

[Event "Spice Cup Open"]
[Site "Saint Louis USA"]
[Date "2012.10.16"]
[Round "2"]
[White "Hambleton, Aman"]
[Black "Mogranzini, Roberto"]
[Result "0-1"]
[WhiteTitle "FM"]
[BlackTitle "IM"]
[WhiteElo "2348"]
[BlackElo "2492"]
[WhiteFideId "2606577"]
[BlackFideId "810894"]
[EventDate "2012.10.16"]

1. d4 Nf6 2. c4 g6 3. Nc3 Bg7 4. e4 d6 5. f3 O-O 6. Be3 Nc6 7. Nge2 a6 8. Qd2
Bd7 9. Nc1 Nh5 10. Nb3 a5 11. d5 Ne5 12. Nd4 c5 13. Ndb5 f5 14. exf5 Rxf5 15.
O-O-O Rf8 16. a4 Nf6 17. Be2 Ne8 18. h3 Nc7 19. f4 Nxb5 20. Nxb5 Bxb5 21. cxb5
Nd7 22. Bg4 c4 23. Be6+ Kh8 24. Bd4 Nc5 25. Bxg7+ Kxg7 26. Qc3+ Rf6 27. g4 Nxe6
28. g5 Nxf4 29. gxf6+ exf6 30. Kb1 Nd3 31. Rdf1 Ne5 32. h4 h5 33. Rhg1 Qe7 34.
Rc1 Qf7 35. Rgd1 b6 36. Qd4 Qc7 37. Qe4 Rc8 38. Rg1 Qf7 39. Rc3 Rc5 40. Rd1 f5
41. Qd4 Kh7 42. b3 cxb3 43. Rxc5 bxc5 44. Qc3 Qc7 45. Qxb3 Qb6 46. Qe3 Kg7 47.
Qg5 Kf7 48. Qh6 c4 49. Qh7+ Kf8 50. Qh8+ Ke7 51. Qg7+ Kd8 52. Qg8+ Kc7 53. Qg7+
Kb8 54. Qf8+ Kb7 55. Qe7+ Qc7 56. Qe8 f4 57. Kc2 f3 58. b6 Qd7 59. Qxd7+ Nxd7
60. Kc3 Ne5 61. Rb1 f2 62. Kd2 Ng4 63. Ke2 c3 64. Rb3 Ne3 0-1

[Event "Spice Cup Open"]
[Site "Saint Louis USA"]
[Date "2012.10.16"]
[Round "2"]
[White "Yang, Darwin"]
[Black "Hendrickson, Nolan R"]
[Result "1-0"]
[WhiteTitle "IM"]
[WhiteElo "2485"]
[BlackElo "2146"]
[WhiteFideId "2029111"]
[BlackFideId "2038188"]
[EventDate "2012.10.16"]

1. d4 d5 2. c4 c6 3. Nf3 Nf6 4. Nc3 a6 5. e3 e6 6. b3 Bb4 7. Bd2 Nbd7 8. Bd3 O-O
9. O-O Bd6 10. Rc1 h6 11. h3 Re8 12. e4 dxc4 13. bxc4 e5 14. c5 Bc7 15. Be3 exd4
16. Bxd4 Ne5 17. Bxe5 Bxe5 18. Nxe5 Rxe5 19. Na4 Qe8 20. f4 Re7 21. Nb6 Rb8 22.
e5 Nd5 23. Nc4 f5 24. exf6 Nxf6 25. Nd6 Qf8 26. f5 Bd7 27. Bc4+ Kh7 28. Qd3 Re5
29. Qg3 1-0

[Event "Spice Cup Open"]
[Site "Saint Louis USA"]
[Date "2012.10.16"]
[Round "2"]
[White "Ramirez, Alejandro"]
[Black "Aripov, Iskandar"]
[Result "1/2-1/2"]
[WhiteTitle "GM"]
[WhiteElo "2551"]
[BlackElo "2155"]
[WhiteFideId "6500617"]
[BlackFideId "14202395"]
[EventDate "2012.10.16"]

1. e4 e6 2. d4 d5 3. Nc3 dxe4 4. Nxe4 Nd7 5. Bd3 Ngf6 6. Qe2 c5 7. Nxf6+ Nxf6 8.
Nf3 cxd4 9. O-O Be7 10. Rd1 O-O 11. Nxd4 Qc7 12. Bg5 h6 13. Bh4 Rd8 14. Bg3 Qc5
15. Nb3 Qb6 16. a4 a6 17. a5 Qc6 18. Be5 Bd7 19. Nd4 Qc5 20. c3 Bd6 21. Bxf6
gxf6 22. Be4 Rab8 23. Qf3 Qe5 24. g3 Bc8 25. Bc2 f5 26. Rd2 Bd7 27. Rad1 Be8 28.
Qh5 Qf6 29. Qf3 Qe5 30. b4 Be7 31. Bb3 Qf6 32. Re2 Bxb4 33. Nxe6 Rxd1+ 34. Bxd1
Bxc3 35. Qf4 Rc8 36. Bb3 Bc6 37. Nc7 Rd8 38. Qc1 Bxa5 39. Ne6 Rd3 40. Ba2 Rc3
41. Qf4 Ra3 42. Nd4 Ra4 43. Qb8+ Kg7 44. Nxc6 bxc6 45. Qb3 Re4 46. Rc2 Bb4 47.
Kg2 a5 48. Rxc6 Qe7 49. Qf3 Re5 50. Rb6 Re2 51. Rb7 Qe4 52. Bxf7 Qxf3+ 53. Kxf3
Re7 54. Rxe7 Bxe7 55. Bb3 Bc5 1/2-1/2

[Event "Spice Cup Open"]
[Site "Saint Louis USA"]
[Date "2012.10.16"]
[Round "2"]
[White "Neimer, Vitaly"]
[Black "Amanov, Mesgen"]
[Result "1-0"]
[WhiteTitle "IM"]
[BlackTitle "GM"]
[WhiteElo "2384"]
[BlackElo "2507"]
[WhiteFideId "2807017"]
[BlackFideId "14000652"]
[EventDate "2012.10.16"]

1. e4 c5 2. Nc3 Nc6 3. g3 g6 4. Bg2 Bg7 5. d3 d6 6. f4 e6 7. Nf3 Nge7 8. O-O O-O
9. Be3 b6 10. d4 Ba6 11. Re1 Qc7 12. a4 Rad8 13. Nb5 Qb8 14. c3 Bb7 15. Bf2 a6
16. Na3 Qc7 17. Rc1 Nb8 18. b4 Nd7 19. h3 Nf6 20. Nd2 h5 21. g4 hxg4 22. hxg4 g5
23. f5 Nh7 24. Qb3 Kh8 25. d5 exd5 26. exd5 Nf6 27. c4 cxb4 28. Nc2 a5 29. Qe3
Neg8 30. Qxg5 Bh6 31. Qh4 Nh7 32. Be3 Bxe3+ 33. Rxe3 Rde8 34. Rh3 f6 35. Nd4 Bc8
36. Ne4 Rxe4 37. Bxe4 Rf7 38. Kg2 b3 39. Ne6 b2 40. Rch1 Qe7 41. Qf2 Bxe6 1-0

[Event "Spice Cup Open"]
[Site "Saint Louis USA"]
[Date "2012.10.16"]
[Round "2"]
[White "Priyadharshan, K."]
[Black "Bykhovsky, Anatoly"]
[Result "1/2-1/2"]
[WhiteTitle "IM"]
[BlackTitle "GM"]
[WhiteElo "2407"]
[BlackElo "2522"]
[WhiteFideId "5018293"]
[BlackFideId "2806991"]
[EventDate "2012.10.16"]

1. e4 c5 2. Nf3 e6 3. g3 Nc6 4. Bg2 Nge7 5. O-O d5 6. exd5 Qxd5 7. Nc3 Qd7 8. d3
Nf5 9. Bf4 Be7 10. a4 O-O 11. a5 f6 12. Re1 Rd8 13. Nd2 Kh8 14. Nc4 Nfd4 15. Rc1
Bf8 16. Bd2 Rb8 17. Qh5 b5 18. axb6 axb6 19. Ne2 b5 20. Nxd4 Nxd4 21. Na5 Rb6
22. Be4 Nf5 23. g4 g6 24. Qh3 Ne7 25. Nb3 Nc6 26. Qe3 e5 27. h3 Qd6 28. Ra1 Rb8
29. Qxc5 Qxc5 30. Nxc5 Nd4 31. Na6 Bxa6 32. Rxa6 Nxc2 33. Rc1 Nd4 34. Rc7 f5 35.
Bg2 e4 36. Raa7 exd3 37. Rxh7+ Kg8 38. Rhd7 Rxd7 39. Rxd7 Bg7 40. Bd5+ Kh8 41.
Kg2 b4 42. b3 Rc8 43. Bc4 Nc6 44. Bxd3 Ne5 45. Rd5 Nxd3 46. Rxd3 Bc3 47. Be3 Kg7
48. g5 Kf7 49. Kf3 Rh8 50. Kg3 Ra8 51. Rd1 Ra3 52. Rb1 Ke6 53. Kf3 Ra2 54. h4
Rc2 55. Bc5 Kd5 56. Bb6 Rd2 57. Be3 Rc2 58. Bb6 Be5 59. Be3 Bc3 60. h5 gxh5 61.
Rh1 Rb2 62. Rxh5 Rxb3 63. Kf4 Rb1 64. g6 b3 65. Rxf5+ Kc4 66. Rg5 b2 67. g7 Bxg7
68. Rxg7 Rh1 69. Rb7 b1=Q 70. Rxb1 Rxb1 71. Ke4 Rb8 72. Bf4 1/2-1/2